Royal rosettes from far-flung cultures (Registro nro. 53836)
[ vista simple ]
| 000 -LÍDER | |
|---|---|
| Campo fijo de descripción fija | 01143aas a2200229 4500 |
| 001 - NÚMERO DE CONTROL | |
| Campo de control | 768714001 |
| 003 - IDENTIFICADOR DEL NÚMERO DE CONTROL | |
| Campo de control | CO-MdFUSB |
| 005 - FECHA Y HORA DE LA ULTIMA TRANSACCIÓN | |
| control field | 20171121150034.0 |
| 008 - ELEMENTOS DE LONGITUD FIJA -- INFORMACIÓN GENERAL | |
| Campo fijo de descripción fija -- Información general | 170808s1997 xxu||||| |||| 00| 0 eng d |
| 022 ## - NÚMERO INTERNACIONAL NORMALIZADO PARA PUBLICACIONES SERIADAS | |
| Número Internacional Normalizado para Publicaciones Seriadas | 0098-9444 |
| 040 ## - FUENTE DE CATALOGACIÓN | |
| Agencia Catalogadora | CO-MdFUSB |
| Idioma de catalogación | spa |
| Agencia que realiza la transcripción | CO-MdFUSB |
| Agencia que realiza la modificación | CO-MdFUSB |
| 041 ## - CÓDIGO DE IDIOMA | |
| Código de idioma para texto/pista de sonido o título separado | eng |
| 100 ## - ASIENTO PRINCIPAL--NOMBRE PERSONAL | |
| Nombre personal | Cahill, Jane M. |
| Término relacionador | autor |
| 242 ## - TRADUCCIÓN DEL TÍTULO POR AGENCIA CATALOGADORA | |
| Traducción del título | Rosetas reales de culturas lejanas |
| 245 10 - TÍTULO | |
| Título | Royal rosettes from far-flung cultures |
| Mención de responsabilidad | / Jane M. Cahill |
| 300 ## - DESCRIPCIÓN FÍSICA | |
| Extensión | Volumen 23. Número 5 (1997), páginas 52-55 |
| Dimensiones | : 28 cm. |
| 520 1# - NOTA DE RESUMEN, ETC. | |
| Nota de sumario, etc. | En el arte de los antiguos imperios y reinos del Cercano Oriente, desde los hititas en Anatolia hasta los asirios en Mesopotamia, desde el siglo XIV hasta el siglo VII a. C., los rossetes indicaron realeza. Esta breve encuesta se inicia en el siglo XIV a.C.E. con los hititas, que colocaban rossetes alados, previamente usados para representar a su dios del sol, en los sellos de su gobernante. |
| 546 ## - NOTA DE IDIOMA | |
| Nota de idioma | Texto en inglés |
| 650 #7 - ASIENTO SECUNDARIO DE MATERIA - TERMINO TEMÁTICO | |
| 9 (RLIN) | 403 |
| Término temático o nombre geográfico como elemento de entrada | Excavaciones arqueológicas |
| 773 0# - ASIENTO DE ITEM FUENTE | |
| Título | Biblical Archaeology Review |
| Biblionumber | 49395 |
| Itemnumber | 59488 |
| Parte(s) relacionada(s) / Volumen., número. (mes año), páginas | Volumen 23. Número 5 (1997), páginas 52-55 |
| Enumeración y primera página | Página 52 |
| 942 ## - TIPO DE MATERIAL (KOHA) | |
| Tipo de Item KOHA | Artículos de Revista |
| Expurgo - (Retirado) | Estado de Perdido | Estado de Dañado | No prestable | Colección | Ubicación habitual | Ubicación actual | Fecha de Adquisición | Signatura Topográfica | Tipo de Material |
|---|---|---|---|---|---|---|---|---|---|
| Colección de Hemeroteca | Biblioteca FUSBC | Biblioteca FUSBC | 26/01/2016 | Artículos de Revista |
